<?xml version="1.0" encoding="UTF-8"?>
<record
    xmlns:xsi="http://www.w3.org/2001/XMLSchema-instance"
    xsi:schemaLocation="http://www.loc.gov/MARC21/slim http://www.loc.gov/standards/marcxml/schema/MARC21slim.xsd"
    xmlns="http://www.loc.gov/MARC21/slim">

  <leader>02590nam a2200325Ia 4500</leader>
  <controlfield tag="001">4924</controlfield>
  <controlfield tag="003">DO-SdBPM</controlfield>
  <controlfield tag="005">20251121080414.0</controlfield>
  <controlfield tag="007">ta</controlfield>
  <controlfield tag="008">140604s2003 dr   000 0spad</controlfield>
  <datafield tag="020" ind1=" " ind2=" ">
    <subfield code="a">9993495921</subfield>
  </datafield>
  <datafield tag="040" ind1=" " ind2=" ">
    <subfield code="a">DO-SdBPM</subfield>
    <subfield code="b">spa</subfield>
    <subfield code="c">BPMSU</subfield>
    <subfield code="e">rda</subfield>
  </datafield>
  <datafield tag="082" ind1=" " ind2="4">
    <subfield code="a">193.9</subfield>
    <subfield code="b">B828c 2003</subfield>
    <subfield code="2">22</subfield>
  </datafield>
  <datafield tag="100" ind1="1" ind2=" ">
    <subfield code="a">Brea Franco, Luis O.</subfield>
    <subfield code="d">1946 - 2020</subfield>
    <subfield code="e">autor </subfield>
    <subfield code="4">aut.</subfield>
  </datafield>
  <datafield tag="245" ind1="1" ind2="0">
    <subfield code="a">Claves para una lectura de Nietzsche : </subfield>
    <subfield code="b">proleg&#xF3;menos a una interpretaci&#xF3;n de su obra /</subfield>
    <subfield code="c">Brea Franco, Luis O.</subfield>
  </datafield>
  <datafield tag="250" ind1=" " ind2=" ">
    <subfield code="a">2a ed. revisada y corregida</subfield>
  </datafield>
  <datafield tag="264" ind1=" " ind2=" ">
    <subfield code="a">Santo Domingo :</subfield>
    <subfield code="b">Academia de Ciencias de la Rep&#xFA;blica Dominicana,</subfield>
    <subfield code="c">2003</subfield>
  </datafield>
  <datafield tag="300" ind1=" " ind2=" ">
    <subfield code="a">540 p. ;</subfield>
    <subfield code="c">21 cm. </subfield>
  </datafield>
  <datafield tag="500" ind1=" " ind2=" ">
    <subfield code="a">Incluye datos biogr&#xE1;ficos del autor en la solapa de la cubierta </subfield>
  </datafield>
  <datafield tag="505" ind1="0" ind2=" ">
    <subfield code="a">nidos:
Consideraciones preliminares, 13.-- Planteamiento del problema, 45.-- Importancia de Nietzsche y dificultades de su hermen&#xE9;utica, 47.-- La vida de Nietzsche es su pensamiento,55.-- Sobre el estilo en Nietzsche, 64.-- Apertura de una v&#xED;a hacia Nietzsche, 69.-- El horizonte del comprender: idea de perspectiva, 97.-- &#xBF;Qu&#xE9; es interpretaci&#xF3;n, 131.-- Otras ideas directivas del pensamiento de Nietzsche, 173.-- Idea de la voluntad de poder&#xED;o,177.-- Ontolog&#xED;a: ser y devenir, 187.-- El eterno retorno de lo mismo, 199.-- Genealog&#xED;a: acci&#xF3;n y reacci&#xF3;n de las fuerzas, 227.-- Cr&#xED;tica de la ciencia moderna, 239.-- Individuo, sociedad y Estado,267.-- La locura de Nietzsche y el destino de la obra, 279.-- La locura de Nietzsche: manifestaci&#xF3;n, or&#xED;genes y consecuencias de la enfermedad para la obra, 281.-- Nietzsche como campo de batalla, 306.-- La recepci&#xF3;n de la obra en Alemania, 323.-- Las ediciones de la obra por el &#xA8;Nietzsche-Archiv&#xA8; y la edici&#xF3;n cr&#xED;tica Colli-Montinari, 335.-- El caso de la &#xA8;Voluntad de poder&#xED;o&#xA8;, 350.-- Conclusi&#xF3;n metodol&#xF3;gica: planteamiento para una lectura de la obra de Nietzsche, 375.-- Anexos. Curr&#xED;culo para Basilea y Vita para G. Brandes, 413.-- Bibliograf&#xED;a de Nietzsche, 417.-- Relaci&#xF3;n de las ediciones de las obras de Nietzsche en alem&#xE1;n, 439.-- Cronolog&#xED;a de Friedrich Nietzsche, 449.-- Bibliograf&#xED;a utilizada en la investigaci&#xF3;n, 461.</subfield>
  </datafield>
  <datafield tag="586" ind1=" " ind2=" ">
    <subfield code="a">Premio Nacional de Ensayo Pedro Henr&#xED;quez Ure&#xF1;a, 2004</subfield>
  </datafield>
  <datafield tag="590" ind1=" " ind2=" ">
    <subfield code="6">Inventariado, 2025/VM</subfield>
  </datafield>
  <datafield tag="600" ind1="1" ind2="4">
    <subfield code="a">Nietzsche, Friedrich Wilhelm</subfield>
    <subfield code="d">1844-1900</subfield>
    <subfield code="x">Cr&#xED;tica e interpretaci&#xF3;n</subfield>
  </datafield>
  <datafield tag="650" ind1=" " ind2="7">
    <subfield code="a">Metaf&#xED;sica</subfield>
  </datafield>
  <datafield tag="650" ind1=" " ind2="7">
    <subfield code="a">Filosof&#xED;a alemana.</subfield>
  </datafield>
  <datafield tag="650" ind1=" " ind2="7">
    <subfield code="a">Dios</subfield>
    <subfield code="x">Aspectos filos&#xF3;ficos.</subfield>
  </datafield>
  <datafield tag="710" ind1="1" ind2=" ">
    <subfield code="a">Rep&#xFA;blica Dominicana.</subfield>
    <subfield code="b">Ministerio de Cultura </subfield>
  </datafield>
  <datafield tag="910" ind1=" " ind2=" ">
    <subfield code="a">VMateo V. Control de calidad. BPMSU </subfield>
  </datafield>
  <datafield tag="942" ind1=" " ind2=" ">
    <subfield code="2">ddc</subfield>
    <subfield code="c">BK</subfield>
  </datafield>
  <datafield tag="952" ind1=" " ind2=" ">
    <subfield code="0">0</subfield>
    <subfield code="1">0</subfield>
    <subfield code="2">ddc</subfield>
    <subfield code="7">0</subfield>
    <subfield code="8">CD</subfield>
    <subfield code="a">BPMET</subfield>
    <subfield code="b">BPMET</subfield>
    <subfield code="d">2025-11-21</subfield>
    <subfield code="l">0</subfield>
    <subfield code="o">BPMSU CD 193.9 B828c 2003</subfield>
    <subfield code="p">BPMSU25110064</subfield>
    <subfield code="r">2025-11-21</subfield>
    <subfield code="w">2025-11-21</subfield>
    <subfield code="y">BK</subfield>
  </datafield>
  <datafield tag="952" ind1=" " ind2=" ">
    <subfield code="0">0</subfield>
    <subfield code="1">0</subfield>
    <subfield code="2">ddc</subfield>
    <subfield code="7">0</subfield>
    <subfield code="8">CD</subfield>
    <subfield code="a">BPMET</subfield>
    <subfield code="b">BPMET</subfield>
    <subfield code="d">2025-11-21</subfield>
    <subfield code="l">0</subfield>
    <subfield code="o">BPMSU CD 193.9 B828c 2003</subfield>
    <subfield code="p">BPMSU25110065</subfield>
    <subfield code="r">2025-11-21</subfield>
    <subfield code="t">e.2</subfield>
    <subfield code="w">2025-11-21</subfield>
    <subfield code="y">BK</subfield>
  </datafield>
  <datafield tag="952" ind1=" " ind2=" ">
    <subfield code="0">0</subfield>
    <subfield code="1">0</subfield>
    <subfield code="2">ddc</subfield>
    <subfield code="7">0</subfield>
    <subfield code="8">CD</subfield>
    <subfield code="a">BPMET</subfield>
    <subfield code="b">BPMET</subfield>
    <subfield code="d">2025-11-21</subfield>
    <subfield code="l">0</subfield>
    <subfield code="o">BPMSU CD 193.9 B828c 2003</subfield>
    <subfield code="p">BPMSU25110066</subfield>
    <subfield code="r">2025-11-21</subfield>
    <subfield code="t">e.3</subfield>
    <subfield code="w">2025-11-21</subfield>
    <subfield code="y">BK</subfield>
  </datafield>
  <datafield tag="999" ind1=" " ind2=" ">
    <subfield code="c">15531</subfield>
    <subfield code="d">15531</subfield>
  </datafield>
</record>
